000 00245nam a2200109Ia 4500
008 220204s9999 xx 000 0 und d
082 _a82-3
_bGOL
100 _aGoldsmith, John
245 0 _aBullion
260 _aLondon
_bArrow
_c1983
942 _cBK
999 _c37829
_d37829